| 000 | 00510nam a22001697a 4500 | ||
|---|---|---|---|
| 999 |
_c7262 _d7262 |
||
| 003 | OSt | ||
| 005 | 20191111162238.0 | ||
| 008 | 191111s2019 sp 000 0 spa d | ||
| 020 | _a9788417678210 | ||
| 040 |
_aDLC _bcat _cCDMR |
||
| 042 | _apcc | ||
| 100 | 1 |
_aHernández, Marina, _d1989- |
|
| 245 | 1 | 0 |
_aCaballo perdedor _b: la entusiasta historia de un grupo de inmigrantes que decidió aspirar a la alcaldía de Madrid. |
| 260 |
_aMadrid : _bLibros del K.O., _c2019 |
||
| 300 |
_a101 p. ; _c19 cm |
||
| 942 | _cMON | ||